| 000 | 00346 a2200121 4500 | ||
|---|---|---|---|
| 001 | ART_19007 | ||
| 005 | 20260410161704.0 | ||
| 008 | 260409a | ||
| 245 | 1 | 0 | _aLos cambios en el blanqueo según la RG 2650 |
| 100 | 1 | _aOklander, Juan | |
| 700 | 1 | _aPérez, Carlos | |
| 773 | 0 |
_tRevista Impuestos _g- Nº 17 (sep. 2009) _wREV639 |
|
| 999 |
_c15465 _d15465 |
||